| 000 | 00836nam a22002297a 4500 | ||
|---|---|---|---|
| 999 |
_c5508 _d5508 |
||
| 003 | AR-CdUCM | ||
| 008 | 190312b ||||| |||| 00| 0 spa d | ||
| 040 |
_aMUNICIPALIDAD PROVINCIAL DEL CUSCO _cBIBLIOTECA MUNICIPAL DEL CUSCO |
||
| 082 |
_a869.4018 / _bC79 |
||
| 100 |
_aCossio Salinas, Hector _916519 |
||
| 245 | _aLa poesía en cochabamba / | ||
| 260 |
_aBolivia : _bEditorial universitaria, _c1972. |
||
| 300 |
_a326 paginas ; _c20 cm. |
||
| 440 |
_aBiblioteca IV centenario _n11 _916520 |
||
| 500 | _aDonación de la familia Nieto. | ||
| 505 | _aContenido :Romanticismo -- Modernismo -- Postmodernismo -- Toca mi corazón --Tierra de promisión -- Somos dos olmos ... | ||
| 650 |
_aPoesía latinoamericana _92147 |
||
| 650 |
_aPoesía peruana _9806 |
||
| 650 |
_aPoesía boliviana _92577 |
||
| 942 |
_2ddc _cLIBROS |
||
| 945 | _arum | ||